Những câu chuyện thành ngữ

Gorde:
Xehetasun bibliografikoak
Egile nagusia: CAO MINH ĐỨC
Formatua: Liburua
Hizkuntza:Undetermined
Argitaratua: VHDT 2000
Etiketak: Etiketa erantsi
Etiketarik gabe, Izan zaitez lehena erregistro honi etiketa jartzen!
Thư viện lưu trữ: Trung tâm Học liệu Trường Đại học Cần Thơ
LEADER 00397nam a2200145Ia 4500
001 CTU_48690
008 210402s9999 xx 000 0 und d
082 |a 398.9 
082 |b Đ552 
100 |a CAO MINH ĐỨC 
245 0 |a Những câu chuyện thành ngữ 
245 0 |c CAO MINH ĐỨC 
260 |b VHDT 
260 |c 2000 
980 |a Trung tâm Học liệu Trường Đại học Cần Thơ